| 000 | 01010nmc a2200361 a 4500 | ||
|---|---|---|---|
| 003 | AR-BaBNM | ||
| 005 | 20251128203003.0 | ||
| 008 | 227019s1941 ||||||||||||||000 | spa|| | ||
| 040 | _cAR-BaBNM | ||
| 100 | 1 | _aMaeztu, María de | |
| 245 | 1 | 0 |
_aHistoria de la cultura europea _bla edad moderna : grandeza y servidumbre |
| 260 |
_aBuenos Aires _bJuventud argentina _c1941 |
||
| 300 | 0 | _a299 p. | |
| 490 | 0 | _aBiblioteca de la esfinge. Libros para la mujer | |
| 504 | _aContiene bibliografía general para consultar p. 291-295 | ||
| 650 | 4 | _aHISTORIA MODERNA | |
| 650 | 4 | _aRELIGION | |
| 650 | 4 | _aCRISTIANISMO | |
| 650 | 4 | _aREFORMA | |
| 650 | 4 | _aSOCIALISMO | |
| 650 | 4 | _aECONOMIA | |
| 650 | 4 | _aSOCIEDAD | |
| 650 | 4 | _aBURGUESIA | |
| 650 | 4 | _aFILOSOFIA | |
| 650 | 4 | _aIDEOLOGIAS | |
| 650 | 4 | _aCIENCIAS POLITICAS | |
| 650 | 4 | _aGUERRA | |
| 650 | 4 | _aREVOLUCION | |
| 650 | 4 | _aMOVIMIENTOS REVOLUCIONARIOS | |
| 800 | 1 |
_aMartínez Sierra, Gregorio _edirector |
|
| 942 | _cBK | ||
| 998 | _cmariana | ||
| 999 |
_c1389 _d1389 |
||